| 000 | 00747nam a2200205 a 4500 | ||
|---|---|---|---|
| 001 | 5057 | ||
| 003 | CDMR | ||
| 005 | 20131126112036.0 | ||
| 008 | 130130s1984||||||||||||||||||||||||||||d | ||
| 020 | _a8450097851 | ||
| 040 |
_aCDMR _bcat _cCDMR |
||
| 245 | 3 |
_aLa premsa a l'escola _b: Primer simposi internacional _cDirecció General de Patrimoni Escrit i Documental. Servei de Promoció de la Premsa |
|
| 260 |
_aBarcelona _c1984 _bGeneralitat de Catalunya. Departament de Cultura |
||
| 300 |
_a236 p. _c29 cm |
||
| 650 | 0 | 4 |
_94387 _aPremsa i educació |
| 650 | 0 | 4 |
_92722 _aPremsa escolar |
| 650 | 0 | 4 |
_94332 _aMitjans de comunicació de massa _xEstudi de casos |
| 710 | 1 |
_91064 _aCatalunya _b -- Generalitat _b -- Departament de Cultura |
|
| 942 |
_cMON _2udc |
||
| 999 |
_c5057 _d5057 |
||